Organosilicon compounds: theory and experiment(synthesis) (Record no. 81692)

MARC details
000 -LEADER
fixed length control field 01138nam a2200241 a 4500
008 - FIXED-LENGTH DATA ELEMENTS--GENERAL INFORMATION
fixed length control field 190529s2017 ||||||||||||||||| || u
020 ## - INTERNATIONAL STANDARD BOOK NUMBER
International Standard Book Number 9780128019818
050 ## - LIBRARY OF CONGRESS CALL NUMBER
Classification number QD 412.S6 Org
100 ## - MAIN ENTRY--PERSONAL NAME
Personal name Lee, Vladimir Ya
245 10 - TITLE STATEMENT
Title Organosilicon compounds: theory and experiment(synthesis)
Statement of responsibility, etc edited by Vladimir Ya. Lee
260 ## - PUBLICATION, DISTRIBUTION, ETC. (IMPRINT)
Place of publication, distribution, etc London
Name of publisher, distributor, etc Academic Press
Date of publication, distribution, etc 2017
300 ## - PHYSICAL DESCRIPTION
Extent xxi, 734 pages : illustrations
336 ## - CONTENT TYPE
Content type term
Source rdacontent
337 ## - MEDIA TYPE
Media type term
Source rdamedia
338 ## - CARRIER TYPE
Carrier type term Volume
Source rdacarrier
500 ## - GENERAL NOTE
General note volume 1
505 ## -
-- volume. 1. Theory and experiment (synthesis) -- volume. 2. Experiment (Physico-Chemical Studies) and Applications.
650 #0 - SUBJECT ADDED ENTRY--TOPICAL TERM
Topical term or geographic name as entry element ORGANOSILICON COMPOUNDS
650 #0 - SUBJECT ADDED ENTRY--TOPICAL TERM
Topical term or geographic name as entry element ORGANOSILICON COMPOUND-- LABORATORY MANUAL
655 ## -
-- Laboratory manuals
995 ## - RECOMMENDATION 995 [LOCAL, UNIMARC FRANCE]
-- CBU-MAIN LIBRARY (Kitwe)
-- 191.99
-- 1
-- AVAILABLE
-- May 29, 2019
-- Main Library Open Access Collection
995 ## - RECOMMENDATION 995 [LOCAL, UNIMARC FRANCE]
-- CBU-MAIN LIBRARY (Kitwe)
-- 191.99
-- 2
-- AVAILABLE
-- May 29, 2019
-- Main Library Open Access Collection
Holdings
Withdrawn status Lost status Source of classification or shelving scheme Damaged status Not for loan Permanent Location Current Location Shelving location Date acquired Total Checkouts Full call number Barcode Date last seen Copy number Price effective from Koha item type
          CBU-MAIN LIBRARY, KITWE. CBU-MAIN LIBRARY, KITWE.   09/05/2023   QD 412.S6 Org 749150 09/05/2023 1 09/05/2023 MONOGRAPH
          CBU-MAIN LIBRARY, KITWE. CBU-MAIN LIBRARY, KITWE.   09/05/2023   QD 412.S6 Org 749149 09/05/2023 2 09/05/2023 MONOGRAPH